| 000 | 00794nam a22001935i 4500 | ||
|---|---|---|---|
| 001 | 154821 | ||
| 003 | ES-MaACL | ||
| 005 | 20230906205850.0 | ||
| 008 | 970227s1885 sp |||| | spa d | ||
| 080 | _a94(729.1)"1878/95" | ||
| 100 | 1 |
_aGómez, Juan Gualberto. _957774 |
|
| 245 | 1 | 3 |
_aLa cuestión de Cuba en 1884 : _bhistoria y soluciones de los partidos cubanos / _cJuan Gualberto Gómez. |
| 260 |
_aMadrid : _b[s.n.], _c1885 ( _fImp. de Aurelio J. Alaria) |
||
| 300 |
_a105 p. ; _c20 cm. |
||
| 530 | _aDisponible en formato digital. | ||
| 651 | 4 |
_aCuba- _xHistoria- _y1878-1895. _98095 |
|
| 852 |
_aES-MaACL _jT-809-F-1 _z- Enc. hol., falto de cub. original _z- Enc. en un vol. facticio |
||
| 856 |
_uhttp://bdh-rd.bne.es/viewer.vm?id=0000093105&page=1 _zBiblioteca Digital Hispánica |
||
| 999 |
_c154821 _d154821 |
||